Statistics for One Team NBA Basketball Players

Click here to take the quiz!

General Stats

  • This quiz has been taken 102,218 times
    (23,581 since last reset)
  • The average score is 13 of 20

Answer Stats

Years Team Player % Correct
2009-WarriorsStephen Curry
97%
1996-2016LakersKobe Bryant
92%
1997-2016SpursTim Duncan
88%
1998-2019MavericksDirk Nowitzki
87%
1979-1992CelticsLarry Bird
79%
2002-2018SpursManu GinĂ³bili
78%
1979-1996LakersMagic Johnson
76%
2012-PistonsAndre Drummond
71%
1956-1969CelticsBill Russell
70%
1984-2003JazzJohn Stockton
69%
1989-2003SpursDavid Robinson
67%
1981-1994PistonsIsiah Thomas
67%
1987-2005PacersReggie Miller
65%
2002-2011RocketsYao Ming
64%
1960-1974LakersJerry West
56%
1976-198776ersJulius Erving
53%
2003-HeatUdonis Haslem
47%
1980-1993CelticsKevin McHale
43%
1982-1994LakersJames Worthy
39%
1985-1999PistonsJoe Dumars
37%

Score Distribution

Percentile by Number Answered

Percent of People with Each Score

Your Score History

You have not taken this quiz since the last reset